English Idioms - Theory and Practice

Analýza súčasnej frazeológie v oblasti ekonómie, diplomacie a práva. Čitateľská gramotnosť a návyky hovorenia študentov so zreteľom na idiomatické výrazy používané v profesionálnom prostredí.

Na minha lista:
Detalhes bibliográficos
Autor principal: Rusiňáková, Jarmila, 1959-
Formato: Capítulo de Livro
Idioma:inglês
Assuntos:
Tags: Adicionar Tag
Sem tags, seja o primeiro a adicionar uma tag!

MARC

LEADER 00000naa a2200000 4500
001 0250176
005 20240502074015.8
041 0 |a eng 
044 |a SK 
245 1 0 |a English Idioms - Theory and Practice  |c Jarmila Rusiňáková 
520 |a Analýza súčasnej frazeológie v oblasti ekonómie, diplomacie a práva. Čitateľská gramotnosť a návyky hovorenia študentov so zreteľom na idiomatické výrazy používané v profesionálnom prostredí. 
610 2 0 |a frazeológia 
610 2 0 |a jazyk odborný 
610 2 0 |a právo 
610 2 0 |a ekonómia 
610 2 0 |a diplomacia 
610 2 0 |a študenti 
610 2 0 |a angličtina 
100 1 |a Rusiňáková, Jarmila, 1959-